| 000 | 00777nam a2200241Ia 4500 | ||
|---|---|---|---|
| 003 | OSt | ||
| 005 | 20220926025014.0 | ||
| 006 | a|||||r|||| 00| 0 | ||
| 007 | ta | ||
| 008 | 220923b |||||||| |||| 00| 0 eng d | ||
| 020 |
_a9780199975433 _c633.25 |
||
| 037 |
_b5303, 18/09/2014, RAJKIRAN BOOK AGENCY _cGeneral Book |
||
| 040 |
_aRTL _cRTL _beng |
||
| 041 |
_2eng _aeng |
||
| 082 | _aT4:8.73, Q1 | ||
| 100 | _aGINSBERG Benjamin | ||
| 245 | 0 |
_aFall of the faculty _b The rise of the all administrative university and why it matters |
|
| 260 |
_aOxford _bO.U.P. _c2011 |
||
| 300 |
_ax, 248p _ccm. |
||
| 650 | _aSociology | ||
| 942 |
_hT4:8.73, Q1 _cGB _2CC |
||
| 999 |
_c646129 _d646129 |
||